APACHE & PHP/FI : Kompletní manuál, instalace a konfigurace
Enregistré dans:
| Auteur principal: | |
|---|---|
| Format: | Livre |
| Langue: | tchèque |
| Publié: |
Praha :
Neokortex,
1998
|
| Sujets: | |
| Tags: |
Pas de tags, Soyez le premier à ajouter un tag!
|
MARC
| LEADER | 00000nam a22000003a 4500 | ||
|---|---|---|---|
| 001 | stu53324 | ||
| 005 | 20150617225707.2 | ||
| 008 | 000427s1998----xr------------------cze-d | ||
| 020 | |a 80-902230-2-8 | ||
| 040 | |a STU |b slo | ||
| 041 | 0 | |a cze | |
| 044 | |a xr | ||
| 080 | |a 681.324.06 | ||
| 080 | |a 519.68 | ||
| 080 | |a 004.738.52 | ||
| 084 | |a B6210L |2 INS | ||
| 084 | |a C5620 |2 INS | ||
| 084 | |a C5630 |2 INS |7 stu_us_auth*stu6236 | ||
| 084 | |a C7210N |2 INS | ||
| 100 | 1 | |a Linhart, Petr |4 aut | |
| 245 | 1 | |a APACHE & PHP/FI : |b Kompletní manuál, instalace a konfigurace | |
| 260 | |a Praha : |b Neokortex, |c 1998 | ||
| 300 | |a 314 s | ||
| 650 | 7 | |a počítačové siete |2 stusub | |
| 650 | 7 | |a Web servery |2 stusub | |
| 650 | 7 | |a internet |2 stusub | |
| 650 | 7 | |a PHP/FI |2 stusub | |
| 650 | 7 | |a www servery |2 stusub | |
| 996 | |b 284J021150 |c J*94449 |l JJSK |s A |a 24 |w stu53324_0001 | ||
| 996 | |b CB2368 |c C*B2368 |l CCXVI |s P |a 0 |w stu53324_0002 | ||
| 996 | |b 284EK83306 |c E*83306 |l EE16 |s P |a 0 |w stu53324_0003 | ||